| 000 | 00744cab a2200241 4500 | ||
|---|---|---|---|
| 001 | ABS50552 | ||
| 008 | 090401t1994 xxu||||| |||| 00| 0 eng d | ||
| 035 | _a(Sirsi) u76438 | ||
| 041 | _aeng | ||
| 100 | _aRichards, M.G. | ||
| 245 | _aCongestion charging for London | ||
| 260 | _c1994 | ||
| 350 | _a0 | ||
| 490 |
_aHighways & Transportation _v41(4) April 1994, 17-20(3) |
||
| 520 | _aLooks at the history of congestion charging, the London congestion charging research programme and the potential for congestion charging in London. | ||
| 650 | _aCONGESTION CHARGING | ||
| 650 | _aLONDON | ||
| 650 | _aROAD PRICING | ||
| 650 | _aTRAFFIC CONGESTION | ||
| 690 | _aTRANSPORT AND COMMUNICATIONS | ||
| 942 | _n0 | ||
| 948 | _c04/03/1997 | ||
| 999 |
_c48081 _d48081 |
||